banner-ar

A modern history of the Islamic world / (Record no. 60597)

MARC details
000 -الفاتح
حقل البيانات ثابتة الطول 00831cam a2200241 a 4500
005 - وقت وتاريخ اخر تعامل مع التسجيلة
رقم الضبط 20240530110418.0
008 - عناصر البيانات ثابتة الطول - معلومات عامة
حقل البيانات ثابتة الطول 991018s2000 xxkb b s001 0 eng
020 ## - الرقم الدولى المعيارى للكتب
الرقم الدولى المعيارى للكتاب 1860648223
040 ## - مصدر الفهرسة
وكالة الفهرسة الأصلية EG-CaGPL
وكالة النسخ EG-CaGPL
082 04 - رقم تصنيف ديوى العشرى
رقم الطبعة 21
رقم التصنيف 953\
رقم المادة S A
100 1# - المدخل الرئيسى - إسم شخصى
الإسم الشخصى Schulze, Reinhard.
245 12 - بيان العنوان
العنوان A modern history of the Islamic world /
بيان المسئوليه,etc Reinhard Schulze ; Translated by Azizeh Azodi
260 ## - PUBLICATION, DISTRIBUTION, ETC. (IMPRINT)
تاريخ النشر أو التوزيع 2000.
300 ## - الوصف المادى
التعداد x, xi , 384 p. :
تفاصيل ماديه اخرى للوعاء maps ;
أبعاد الوعاء 24 cm.
504 ## - تبصرة ببليوجرافية
تبصرة ببليوجرافية,الخ Includes bibliographical references (p. 338-363) and index.
651 #0 - المدخل الاضافى بالموضوع - اسم جغرافى
الاسم الجغرافي Islamic countries
التقسيم الفرعي العام History
التقسيم الفرعي الزمني 20th century.
651 #0 - المدخل الاضافى بالموضوع - اسم جغرافى
الاسم الجغرافي Middle East
التقسيم الفرعي العام History
التقسيم الفرعي الزمني 20th century.
651 #0 - المدخل الاضافى بالموضوع - اسم جغرافى
الاسم الجغرافي Africa, North
التقسيم الفرعي العام History
التقسيم الفرعي الزمني 20th century.
700 0# - المدخل الاضافى - اسم شخصى
الإسم الشخصى Azizeh Azodi
الدور translator
942 ## - عناصر المدخل الإضافي( كوها)
مصدر التصنيف او مخطط الترفيف Dewey Decimal Classification
Koha [default] item type كتاب
260 ## - PUBLICATION, DISTRIBUTION, ETC. (IMPRINT)
-- London :
-- I. B. Tauris Publishers ,
Holdings
حالة التراجع حالة الفقد مصدر التصنيف او خطة الترفيف حالة تلف ليس للاعارة المكان المؤقت الموقع الحالى تاريخ الاكتساب اجمالي اﻻعارات رقم الطلب الباركود تاريخ اخر مشاهدة تاريخ تفعيل السعر نوع وعاء كوها
    ddc     مكتبة القاهرة الكبرى مكتبة القاهرة الكبرى 03/09/2015   953\ S A 159695 03/09/2015 03/09/2015 كتاب

Powered By

EGPV